000 00751nam a2200277Ia 4500
005 20260324122805.0
008 008 260324s9999 xx 000 0 eng d
020 _a9781315253572
037 _aEBOOK
040 _aCRL
040 _beng
040 _cCRL
041 _2eng
041 _aeng
084 _qCRL
100 _aM.A. Katritzky
_91167828
245 0 _aHealing, Performance and Ceremony in the Writings of Three Early Modern Physicians: Hippolytus Guarinonius and the Brothers Felix and Thomas Platter
260 _bTaylor and Francis
260 _c2012
365 _a
365 _b240
856 _uhttp://www.taylorfrancis.com/books/9781315253572
942 _cEBOOK
999 _c1760831
_d1760831